000 00599nam a2200193Ia 4500
005 20250508165252.0
008 008 250505s9999 xx 000 0 eng d
037 _aTheses
040 _aFEDL
_beng
_cFEDL
041 _aeng
_2eng
084 _a808.8, VAI/TH
_qFEDL
100 _aVaidyanathan Anita
_9543755
245 0 _aIdentity development in girls and woment as reflected through the vernacular writings of Tamil women writers
260 _c2012
300 _a368p.
546 _aPh.D. Thesis, (Delhi University).
942 _cTH
_h808.8, VAI/TH
999 _c1394159
_d1394159